000 00776nam a2200217 i 4500
001 19611
003 ES-MaACL
005 20230906152131.0
007 t|
008 021004s1883 sp ||||1| spa d
080 _a622(599)
100 1 _aAbella y Casariego, Enrique,
_d1847-1913
_9226444
245 1 0 _aLigera reseña de la minería de las Islas Filipinas /
_cpor Enrique Abella y Casariego.
260 _aMadrid :
_b[s.n.],
_c1883 (
_fImp. de M. Tello)
300 _a15 p. ;
_c23 cm.
530 _aDisponible en formato digital.
650 4 _aMinas-
_zFilipinas.
_9136503
852 _aES-MaACL
_jT-1106-F-7
_z.- Legado Federico Botella de Hornos
856 _uhttp://bdh-rd.bne.es/viewer.vm?id=0000075043&page=1
_zBiblioteca Digital Hispánica
999 _c19611
_d19611